000 01288cam a22003498a 4500
001 2621
005 20240105120700.0
020 _a9780545464406
020 _a9780545793902
020 _a9780545464413
020 _a9780545576451
040 _aNJQ/DLC
_cNJQ
_beng
050 0 0 _aPZ7.E7388
_bSee 2013
082 0 4 _a813.6
_223
100 1 _aErskine, Kathryn
245 1 0 _aSeeing red /
_cKathryn Erskine
250 _aFirst Scholastic paperback printing, November 2014
260 _aNew York, N ;
_bScholastic Press,
_c2013
300 _a344 pages :
_c20cm
505 _aM
520 _aWhen twelve-year-old Frederick "Red" Porter's father dies in 1972, his mother wants to sell their automobile repair shop and move her two sons back to Ohio, but Red is desperate to stop the sale even if it means unearthing some dark family secrets in a Virginia rife with racial tensions.
521 _a760
_bLexile
521 _aM
_bRaz-Plus
650 0 _aFamilies
_zVirginia
_vJuvenile fiction.
650 0 _aBereavement
_vJuvenile fiction.
650 0 _aRace relations
_vJuvenile fiction.
650 1 _aFamily life
_zVirginia
_vFiction.
650 1 _aGrief
_vFiction.
650 1 _aRace relations
_vFiction.
906 _a7
_bcbc
_corignew
_d1
_eecip
_f20
_gy-gencatlg
942 _2ddc
_cBK
_n0
999 _c2621
_d2621